Case Western Reserve Law Review

Detalles Bibliográficos
Formato: eBook
Lenguaje:inglés
Publicado: [s.l.] : Case Western Reserve University School of Law, 2010 -
Materias:
Acceso en línea:Acceso restringido

MARC

LEADER 00000nam a22000007a 4500
005 20140505165250.0
007 cr|||| ||||
008 140505c20109999us |||| s|||| 0|||a1eng d
022 |a 0008-7262  
035 |a 5422 
040 |a vLex 
090 |c 4909  |d 4909 
245 0 0 |a Case Western Reserve Law Review  |h [Recurso electrn̤ico]  
256 |a Servicio en ln̕ea 
260 |a [s.l.] :  |b Case Western Reserve University School of Law,  |c 2010 - 
300 |a 1 recurso electrn̤ico 
310 |a Semestral 
506 1 |a Contenido disponible solo en los productos indiciados  |d vLex Global  |d vLex Global (Academic Edition, excluding Law Schools)  |d vLex Global (U.S. Academic Edition, excluding Law Schools) 
650 0 4 |a Diarios  |z Estados Unidos 
740 0 |a vLex Revistas (Servicio en ln̕ea) 
856 4 0 |u http://vlex.com/source/5422  |z Acceso restringido 
942 |c REV